Digital Manufacturing and Assembly Systems in Industry 4.0 /

Gespeichert in:
Bibliographische Detailangaben
Hauptverfasser: Kumar, Kaushik (Verfasst von), Zindani, Divya (Verfasst von), Davim, J. Paulo (Verfasst von)
Format: Buch
Sprache:Englisch
Veröffentlicht: Boca Raton CRC 2021
Schriftenreihe:Science, Technology, and Management Series
Schlagworte:
Tags: Tag hinzufügen
Keine Tags, Fügen Sie das erste Tag hinzu!

MARC

LEADER 00000nam a22000003a 4500
001 0091905
003 SK-STU
005 20211201125711.7
007 ta
008 211201s ----xo-----e------000-0-----d
020 |a 978-0-367-77947-4 
040 |a STU  |b slo 
041 0 |a eng 
044 |a xxu 
100 1 |a Kumar, Kaushik  |4 aut 
245 1 0 |a Digital Manufacturing and Assembly Systems in Industry 4.0 /  |c aut. Kaushik Kumar, Divya Zindani, J. Paulo Davim 
260 |a Boca Raton  |b CRC  |c 2021 
300 |a 162 s. 
490 0 |a Science, Technology, and Management Series 
650 0 7 |a výrobné procesy 
700 1 |a Zindani, Divya  |4 aut 
700 1 |a Davim, J. Paulo  |4 aut 
996 |b 284M088944  |c M* 14556-1  |l MMST  |s A  |a 24  |w 0091905_0001